00781nam a2200217 4500999001500000001000600015003000900021005001700030008004100047020001500088040003800103082001600141245008700157260004300244300002000287650005400307650004600361700002200407942001200429952012200441 c8271d827121796BD-DhUAP20230405134248.0230405b2008 bg ||||| |||| 000 0 eng d a9840517902 aBD-DhUAPbEngcBD-DhUAPdBD-DhUAP 222a950 VIN aVintage short fiction from Bangladesh /cTranslated and edited by Sagar Chaudhury. aDhaka :bThe University Press,cc2008. a140p. :c22 cm. aShort stories, BengalivTranslations into English aBengali fictiony20th centuryzBangladesh aChaudhury, Sagar. 2ddccBK 00102ddc4070aUAPCLbUAPCLcGeneral Stacksd2023-04-05o950 VINp3010021796r2023-04-05t1v300.00w2023-04-05yBK